Responses for Show #4476 - Monday, February 9, 2004

2004 Teen Tournament quarterfinal game 1.

Contestants

[<< previous game]

Jennifer Wu, a sophomore from Arkadelphia, Arkansas

Zach Schoepflin, a sophomore from Centerport, New York

Emily Birkel, a junior from Indianapolis, Indiana

[next game >>]

Jeopardy! Round responses

GEOGRAPHY
SPORTS TALK
DO YOU SPEAK COMPUTER?
HEALTH MATTERS
OVER A FOOT LONG
STUPID ANSWERS
    $200 26
Poland

Jennifer
    $200 21
the pitcher

Zach
    $200 6
memory

Zach
    $200 10
cholesterol

Emily
    $200 15
the Statue of Liberty

Jennifer
    $200 1
a nickel

Jennifer
    $400 27
India

Jennifer
    $400 22
the foul line (or free throw line)

Zach
    $400 7
wallpaper

Emily
    $400 11
fluoride

Zach
    $400 16
the bow

Jennifer
    $400 2
car

Jennifer
    $600 28
Nice

Jennifer
    $600 23
golf

Zach
    $600 8
the hard drive

Emily
    $600 12
the nose

Jennifer
    $600 17
a porcupine

Jennifer
    $600 3
cats

Zach
    $800 29
La Paz

Jennifer
    $800 24
2 of (the U.S. Open, the French Open, Wimbledon & the Australian Open

Zach
    $800 9
a spreadsheet

Jennifer
    $800 13
swimmer's ear

Jennifer
    $800 18
a cubit

Emily
    $800 4
the panhandle

Zach
    $1000 30
Honshu

Zach
    $1000 25
a gridiron

Jennifer
    $1000 20
an applet

Triple Stumper
    $1,000 14
(Jennifer: What is hypoallerdermic?)

hypoallergenic

Jennifer
    $1000 19
blubber

Zach
    $1000 5
National Geographic

Zach

Scores at the first commercial break (after clue 14):

Emily Zach Jennifer
$1,200 $3,000 $1,800

Scores at the end of the Jeopardy! Round:

Emily Zach Jennifer
$2,000 $7,000 $6,000

Double Jeopardy! Round responses

AMERICAN LITERATURE
TV NETWORK ABBREV.
BORN IN THE 20th CENTURY
LABOR UNIONS
IT'S A GROUP THING
CROSSWORD CLUES "V"
    $400 1
California

Emily
    $400 11
Home Box Office

Emily
    $400 14
an octogenarian

Zach
    $400 24
the Firefighters' Union

Triple Stumper
    $400 19
the Republicans

Jennifer
    $400 6
vowels

Zach
    $800 2
(Louisa May) Alcott

Zach
    $800 12
(Zach: What is Public Broadcasting Station?)
(Emily: What is People's Broadcasting Station?)

Public Broadcasting Service

EmilyZach
Triple Stumper
    $800 15
(Jennifer: Who is Saddam Hussein?)

Fidel Castro

ZachJennifer
    $800 27
Teachers

Emily
    $800 20
the Apostles

Jennifer
    $1,000 7
(Alex: Zach?)
(Zach: I... don't know.)
(Alex: Ah, you were thinking of the alphabet; consonants, has to start with a "V"; [*]. You're at $8,800, still in the lead. Select again.)

vitamins

Zach
    $1200 3
Moby Dick

Jennifer
    $1200 13
(Zach: What is the British Broadcasting Company?)
(Emily: What is the British Broadcasting Channel?)

the British Broadcasting Corporation

EmilyZachJennifer
    $1200 16
(Zach: What is World War II?)

the baby boomers

ZachJennifer
    $1200 28
(Emily: What is McDonald's?)

Wal-Mart or (Walmart)

Emily
Triple Stumper
    $1200 21
the Muses

Zach
    $1200 8
a viper

Emily
    $1600 4
The Fall of the House of Usher

Zach
    $1600 25
(Jennifer: What is Corporate Broadcasting Station?)
(Emily: What is Central Broadcasting Station?)
(Zach: What is Central Broadcasting Service?)

Columbia Broadcasting System

EmilyZachJennifer
Triple Stumper
    $2,000 17
(Jennifer: What is the Vietnam War?)
(Alex: No, before that. "What is [*]?" So you're now tied with Zach for second place. But you pick.)

the Korean War

Jennifer
    $1600 29
the AFL-CIO

Triple Stumper
    $1600 22
the (Texas) Rangers

Zach
    $1600 9
variety

Emily
    $2000 5
Leaves of Grass

Emily
    $2000 26
Arts & Entertainment

Jennifer
    $2000 18
(Zach: What is 1917?)
(Emily: What is 1914?)
...
(Alex: You're both in the right time period, but it was at the end of World War II--I, so it was [*]. Jennifer, back to you. You're in the lead now, young lady.)

1919

EmilyZach
Triple Stumper
    $2000 30
Electrical Workers

Triple Stumper
    $2000 23
the noble gases

Zach
    $2000 10
verbatim

Emily

Scores at the end of the Double Jeopardy! Round:

Emily Zach Jennifer
$3,600 $8,000 $8,400

Final Jeopardy! Round responses

PRESIDENTIAL RELATIVES
(Alex: And he has a smile very similar to his great-grandfather.)
...
(Alex: [To Emily] Yes, the 100th anniversary of the teddy bear.)
...
(Alex: [To Jennifer] Oh, she's got a little happy face at the bottom.)
EmilyWho is Teddy Roosevelt?
$1,000
ZachWho is Teddy Roosevelt?
$1,200
JenniferWho is Teddy Roosevelt? :)
$7,601
Teddy Roosevelt

Final scores:

Emily Zach Jennifer
$4,600 $9,200 $16,001
3rd place: $2,500 if eliminated 2nd place: $2,500 if eliminated Automatic semifinalist

Game dynamics:

Coryat scores:

Emily Zach Jennifer
$3,600 $9,000 $11,400
11 R,
5 W
19 R,
6 W
(including 1 DD)
19 R,
4 W
(including 2 DDs)

Combined Coryat: $24,000

[game clues] [game scores] [suggest correction]

Game tape date: 2003-12-15
The J! Archive is created by fans, for fans. Scraping, republication, monetization, and malicious use prohibited; this site may use cookies and collect identifying information. See terms. The Jeopardy! game show and all elements thereof, including but not limited to copyright and trademark thereto, are the property of Jeopardy Productions, Inc. and are protected under law. This website is not affiliated with, sponsored by, or operated by Jeopardy Productions, Inc. Join the discussion at JBoard.tv.